书目信息 |
| 题名: |
性别与战争
|
|
| 作者: | 陈雁 著 | |
| 分册: | ||
| 出版信息: | 北京 社会科学文献出版社 2014.05 |
|
| 页数: | 408页 | |
| 开本: | 23cm | |
| 丛书名: | ||
| 单 册: | ||
| 中图分类: | D442.851 , K265.07 | |
| 科图分类: | ||
| 主题词: | 女性--关系--抗日战争--研究--上海--1932-1945 | |
| 电子资源: | ||
| ISBN: | 978-7-5097-5129-9 | |
| 000 | 01049nam0 22002651 450 | |
| 001 | 007171796 | |
| 005 | 20150902092604.89 | |
| 010 | @a978-7-5097-5129-9@dCNY79.00 | |
| 100 | @a20140627d2014 em y0chiy50 ea | |
| 101 | 0 | @achi |
| 102 | @aCN@b110000 | |
| 105 | @aa z 001yy | |
| 200 | 1 | @a性别与战争@9xing bie yu zhan zheng@e上海1932~1945@d= Gender and war@eShanghai,1932-1945@zeng@f陈雁著 |
| 210 | @a北京@c社会科学文献出版社@d2014.05 | |
| 215 | @a408页@c图@d23cm | |
| 300 | @a复旦大学历史学系 近代中国研究青年学者书系 | |
| 300 | @a本书为2007年国家社科基金项目“性别与战争:以抗战时期上海为中心的研究”(07BZS023)的最终成果 | |
| 330 | @a本书从性别角度重新思考民族战争,为探索战争与解放所包含的复杂历史脉络与多样的社会面相,重新审视了中日战争对于中国社会,尤其是对中国女性的影响。 | |
| 510 | 1 | @a Gender and war@eShanghai,1932-1945@zeng |
| 606 | 0 | @a女性@x关系@x抗日战争@x研究@y上海@z1932-1945 |
| 690 | @aD442.851@v5 | |
| 690 | @aK265.07@v5 | |
| 701 | 0 | @a陈雁@9chen yan@4著 |
| 801 | 0 | @c20150902 |
| 905 | @aZZSY@dD442.851@eC615@f2 | |
| 性别与战争:上海1932~1945= Gender and war:Shanghai,1932-1945/陈雁著.-北京:社会科学文献出版社,2014.05 |
| 408页:图;23cm |
| 复旦大学历史学系 近代中国研究青年学者书系.-本书为2007年国家社科基金项目“性别与战争:以抗战时期上海为中心的研究”(07BZS023)的最终成果 |
| ISBN 978-7-5097-5129-9:CNY79.00 |
| 本书从性别角度重新思考民族战争,为探索战争与解放所包含的复杂历史脉络与多样的社会面相,重新审视了中日战争对于中国社会,尤其是对中国女性的影响。 |
| ● |
| 相关链接 |
|
|
|
正题名:性别与战争
索取号:D442.851/C615
 
预约/预借
| 序号 | 登录号 | 条形码 | 馆藏地/架位号 | 状态 | 备注 |
| 1 | 1158982 | 211589823 | 社科库509/509社科库 70排7列3层/ [索取号:D442.851/C615] | 在馆 | |
| 2 | 1158983 | 211589832 | 社科库509/509社科库 70排7列3层/ [索取号:D442.851/C615] | 在馆 |